000 01532cam a22004694i 4500
003 PE-LiUPU
005 20250731172813.0
008 150617s1885 sp r 000 0 spa d
020 _a8476451741
035 _a(Sirsi) i9788476451748
040 _aPE-LiUPU
_bspa
_cPE-LiUPU
_erda
049 _aPRUA
082 0 4 _a220.732
_bD64
_221
100 1 _aDe Valdés, Juan,
_eautor.
245 1 0 _aComentario a los salmos /
_cJuan de Valdés.
264 1 _aMadrid :
_bClie,
_c1885.
300 _a247 páginas ;
_c20 centímetros.
336 _atext
_2rdacontent
337 _aunmediated
_2rdamedia
338 _avolume
_2rdacarrier
490 0 _aClásicos de la Reforma española: Joya literaria del siglo XVI
505 0 _aComentario a los salmos.
526 _aSEG42
526 _aSEG41
526 _aSEG40
526 _aSEG39
526 _aP94
526 _aP87
526 _aP86
526 _aP85
526 _aP77
526 _aP76
526 _aP35
630 _aBiblia
_pA.T.
_pSalmos
_xComentarios.
910 _ajck
_bjvq
_cjck
_d20150616
942 _2ddc
_cBOOK
949 _a220.732 D64
_wDEWEY
_c1
_i33881
_d2016-6-8
_e2016-6-8
_lCCODEBUL1
_mBUL
_n2
_r0
_sY
_tBOOK
_u2015-6-17
_xTEOLOGIA
_PP35
_0COMPRA
_o.STAFF. Colección Teología
994 _aC0
_bPEPRU
596 _a1
999 _a220.732 D64
_wDEWEY
_c4127
_i33881
_d4127
_e2016-6-8
_f2021-11-10
_g5
_lCCODEBUL1
_mBUL
_n2
_p20.00
_q1
_r0
_sY
_tBOOK
_u2015-6-17
_xTEOLOGIA
_PP35
_0COMPRA
_o.STAFF. Colección Teología
980 _81
_gALBERTO SANCHEZ Responsable de Automatización